Enfermería : Geriatría y Gerontología / (Registro nro. 21791)

Detalles MARC
000 -LEADER
fixed length control field 01125nam a22002537a 4500
001 - CONTROL NUMBER
control field 021604
003 - CONTROL NUMBER IDENTIFIER
control field DO-CoUTE
005 - DATE AND TIME OF LATEST TRANSACTION
control field 20260204212649.0
008 - FIXED-LENGTH DATA ELEMENTS--GENERAL INFORMATION
fixed length control field 220728b dr ||||| |||| 00| 0 spa d
020 ## - INTERNATIONAL STANDARD BOOK NUMBER
International Standard Book Number 84-96465-01-2
040 ## - CATALOGING SOURCE
Original cataloging agency DO-CoUTE
Language of cataloging spa
Transcribing agency DO-CoUTE
082 ## - DEWEY DECIMAL CLASSIFICATION NUMBER
Edition number 22
Classification number 618.97 R424e
Item number 2005
100 1# - MAIN ENTRY--PERSONAL NAME
Personal name Reolid Collado, María
Relator term autor
245 1# - TITLE STATEMENT
Title Enfermería : Geriatría y Gerontología /
Statement of responsibility, etc. María Reolid Collado, Alonso López Escribano
250 ## - EDITION STATEMENT
Edition statement primera edición
260 ## - PUBLICATION, DISTRIBUTION, ETC.
Place of publication, distribution, etc. Barcelona , España :
Name of publisher, distributor, etc. Altaban
Date of publication, distribution, etc. 2005
300 ## - PHYSICAL DESCRIPTION
Extent 408 páginas :
Other physical details Imágenes ;
Dimensions 25cm.
440 ## - SERIES STATEMENT/ADDED ENTRY--TITLE
Title manuales básicos de formación sanitaria
504 ## - BIBLIOGRAPHY, ETC. NOTE
Bibliography, etc. note Incluye referencias bibliográficas e índice
505 ## - FORMATTED CONTENTS NOTE
Formatted contents note Tema 1. conceptos generales 13-- tema 2. enfermería gerontológica 27 -- tema 3. demografía y envejecimiento 43 -- tema4.teorias del envejecimiento 61 -- tema 5. aspectos éticos en ele cuidado de los ancianos 79 -- tema 6. ancianos sanos, cambios asociados al envejecimiento
650 #7 - SUBJECT ADDED ENTRY--TOPICAL TERM
Source of heading or term LEMB
Topical term or geographic name entry element vejez - enfermedades
700 1# - ADDED ENTRY--PERSONAL NAME
Personal name López Escribano, Alonso
Relator term coordinador
942 ## - ADDED ENTRY ELEMENTS (KOHA)
Source of classification or shelving scheme Dewey Decimal Classification
Koha item type Libros
Existencias
Withdrawn status Lost status Source of classification or shelving scheme Damaged status Not for loan Collection code Home library Current library Shelving location Date acquired Inventory number Total Checkouts Full call number Barcode Date last seen Copy number Price effective from Koha item type
    Dewey Decimal Classification     Colección General Biblioteca UTECO Biblioteca UTECO En Estantería 07/28/2022 021604   618.97 R424e 021604 07/28/2022 Ej.1 07/28/2022 Libros
© 2021 Derechos Reservados UTECO - Teléfono: +1 809-585-2291 - Correo electrónico: biblioteca@uteco.edu.do​  
Código postal 43000 ​​
Dirección: Avenida Universitaria No. 100, 
Cotuí, Provincia Sánchez Ramírez, República Dominicana - RNC: 404-00059-6